000 00818nam a2200253Ia 4500
003 OSt
005 20221006153807.0
006 a|||||r|||| 00| 0
007 ta
008 221006b |||||||| |||| 00| 0 eng d
020 _a978080144645
024 _a33,354
037 _bGift, Toshiba Foundation
_cAnnuals, Advances
040 _aEASL
_cEASL
_beng
041 _2eng
_aeng
082 _aX56:8F.49B.P05, P8
100 _aWALTER Andrew Au.
_9665451
245 0 _aGoverning Finance
_b East Asia's Adoption of International Standard
260 _aIthaca
_bCornell University Press
_c2008
300 _axv,235p.
_ccm.
490 _v Oth
_aCornell studies in money
942 _hX56:8F.49B.P05, P8
_cREF
_2CC
999 _c1101440
_d1101440